000 00710nam a2200193Ia 4500
003 LDD
008 190117s9999 xx 000 0 und d
020 _c₹65
040 _cLDD
041 _ahi
082 _a8H0.209 शु1166लो
100 _aशुक्ल, रामचन्द्र
245 0 _aलोक जागरण और हिन्दी साहित्य
_cरामचन्द्र शुक्ल
260 _aनई दिल्ली
_bवाणी प्रकाशन
_c1985
300 _a207पृ.
901 _aVANI
904 _aReqst by : रीता रानी पालीवाल
942 _2ddc
_cH
999 _c171905
_d171905